000 00607nam a2200157 4500
999 _c3822
_d3822
008 160811b xxu||||| |||| 00| 0 eng d
022 _a01153153
082 _aDPer 150.5 P53 June-Dec 2014 v. 47, n. 1 & 2
243 _a
245 _aResolution of the psychological association of the Philippines on gender- based violence and violence against women (VAW).
260 _aQuezon City:
_bPsychological Association of the Philippines,
_c©2014.
300 _av47 n2, pages 153-156;
_c24 cm.
500 _aPhilippine Journal of Psychology.
650 0 _912710
_aWomen's right
942 _2ddc
_cPER